[Event "Ubeda op 5th"]
[Site "Ubeda"]
[Date "2000.01.28"]
[Round "10"]
[White "Tregubov, Pavel V"]
[Black "Minasian, Artashes"]
[Result "1-0"]
[WhiteElo "2615"]
[BlackElo "2598"]
[Annotator "Alterman,B"]
[PlyCount "79"]
[EventDate "2000.01.19"]
[EventType "swiss"]
[EventRounds "10"]
[EventCountry "ESP"]
[SourceTitle "CBM 075"]
[Source "ChessBase"]
[SourceDate "2000.04.05"]
[SourceVersion "1"]
[SourceVersionDate "2000.04.05"]
[SourceQuality "1"]

1. d4 c5 2. d5 g6 3. e4 Bg7 4. c4 d6 5. Nc3 e6 6. Nf3 Ne7 7. Be2 O-O 8. O-O
exd5 9. cxd5 a6 10. a4 Bg4 11. Nd2 Bxe2 12. Qxe2 Re8 13. Nc4 Bxc3 $6 $146 {
[%mdl 16384]} (13... Nc8 14. Bf4 Qe7 15. Qd2 Nd7 16. Rfe1 Ne5 17. Bxe5 Bxe5 18.
Ne2 Bg7 19. Kh1 Qh4 20. Ng1 Bh6 21. Qc2 b6 22. Nf3 Qd8 {1/2-1/2 Golz,W-Kolvig,
B/Copenhagen 1960/EXT 98 (22)}) 14. bxc3 Nxd5 15. Qf3 $1 Nb6 (15... Nf6 16. Bg5
Re6 17. Rad1 h6 18. Bh4 g5 19. e5 $16) 16. Bg5 Qxg5 17. Nxb6 $16 {[%mdl 2080]
White has pawn down,but poor position of black rook on a7 more than enough
compensation.White's position is clearly better.} Ra7 18. Rad1 {[%csl Ra7,Rd6]
[%cal Gd1d6]} Qd8 (18... Nc6 19. Rxd6 Qe7 20. Qg3 $16) 19. Nc4 Re6 20. e5 (20.
Qf4 Nc6 21. Nxd6 Qf8 22. Rd5 $36) 20... b5 21. axb5 axb5 22. Nxd6 Qg5 (22...
Rd7 $5 23. Rfe1 Qb6 24. Ra1 $36) 23. Nxb5 Rd7 24. Rxd7 Nxd7 25. Qd1 Qe7 26. f4
Rb6 27. c4 Nf8 28. h3 Ne6 29. Qd5 $18 Rb8 30. f5 gxf5 31. Rxf5 Qh4 32. Kh2 Rf8
33. Nd6 Nf4 34. Qf3 Ng6 35. Rxf7 Rb8 36. Rf5 Qd4 37. Qd5+ Qxd5 38. cxd5 Re8 39.
Ne4 Kg7 40. e6 1-0

[Event "MK Cafe Cup-A"]
[Site "Koszalin"]
[Date "1999.08.05"]
[Round "3"]
[White "Kharitonov, Andrei Y"]
[Black "Salmensuu, Olli"]
[Result "1-0"]
[WhiteElo "2559"]
[BlackElo "2443"]
[Annotator "Alterman,B"]
[PlyCount "83"]
[EventDate "1999.08.03"]
[EventType "swiss"]
[EventRounds "9"]
[EventCountry "POL"]
[SourceTitle "CBM 073"]
[Source "ChessBase"]
[SourceDate "1999.12.01"]
[SourceVersion "1"]
[SourceVersionDate "1999.12.01"]
[SourceQuality "1"]

1. d4 Nf6 2. Nf3 c5 3. d5 b5 4. Bg5 Qb6 5. Bxf6 Qxf6 6. c3 d6 7. e4 (7. Qb3 a6
8. a4 bxa4 9. Rxa4 e6 10. e4 Nd7 11. Nbd2 Be7 12. Be2 O-O 13. O-O exd5 14. exd5
{0-1 Kovacevic,S-Izeta Txabarri,F/Ubeda 1997/CBM 56 ext (68)}) 7... a6 (7... b4
8. Bb5+ (8. Qc2 a5 9. Nbd2 bxc3 10. bxc3 g6 11. Bb5+ Bd7 12. Rb1 Bxb5 13. Rxb5
Bg7 14. e5 dxe5 15. Ne4 Qf5 16. O-O O-O 17. Rfb1 Nd7 18. Nfd2 Bh6 19. Nc4 Rfd8
{1-0 Balogh,T-Sarana,O/Prievidza 1998/EXT 99 (33)}) 8... Bd7 9. Bxd7+ Nxd7 10.
O-O g5 11. Qa4 g4 12. Nfd2 Bg7 $13 {0-1 Solana Suarez,E-Mellado Trivino,J/
Ponferrada 1997/CBM 60 ext (32)}) 8. a4 (8. Nbd2 Nd7 (8... g5 9. g3 Nd7 (9...
g4 10. Nh4 h5 11. Bg2 Bh6 12. O-O Bg5 13. a4 Bd7 14. axb5 Bxb5 15. e5 Qh6 16.
c4 Bd7 17. Ne4 Bxh4 18. gxh4 dxe5 19. Nxc5 Qb6 20. Nd3 {1-0 Panchenko,
A-Forintos,G/Tallinn 1986/EXT 99 (30)}) 10. Bg2 (10. a4 b4 11. cxb4 cxb4 12.
Rc1 g4 13. Qc2 Nc5 14. Nh4 Bh6 15. f4 Bxf4 16. gxf4 Qxh4+ 17. Ke2 g3 18. Ke3
Bg4 19. Bg2 {0-1 Gruenfeld,E-Keres,P/Szcawno Zdroj 1950/MCD (29)}) 10... h5 11.
a4 b4 12. Rc1 Rb8 13. a5 h4 14. O-O h3 15. Bh1 g4 16. Ne1 Ne5 17. c4 Bh6 18.
Rc2 b3 19. Rc3 Bd7 20. f4 gxf3 21. Nexf3 Ng4 22. Re1 O-O 23. e5 dxe5 24. Ne4
Qg7 25. Nxc5 {0-1 Mainka,G-Bukal,V/Dortmund 1991/CBM 22 ext (41)}) 9. Be2 g6
10. O-O Bh6 11. a4 Rb8 12. axb5 axb5 13. Qc2 O-O 14. Ra7 c4 15. Re1 Nc5 16. Bf1
{1-0 Meinsohn,P-Tagnon,N/FRA 1991/TD (56)}) 8... b4 9. Qc2 (9. Qb3 bxc3 10.
bxc3 g6 11. Nbd2 Bg7 12. Ra3 O-O 13. Bd3 g5 14. h4 g4 15. Ng5 g3 16. fxg3 Qe5
17. Kf2 f5 18. Ndf3 fxe4 19. Re1 Qxc3 20. Qxc3 Bxc3 21. Rxc3 {0-1 Sinkovics,
P-Grabics,M/Balatonbereny 1996/CBM 53 ext (46)}) 9... bxc3 10. bxc3 (10. Nxc3
$5 {[%cal Ga4a5]}) 10... Nd7 11. Nbd2 {[%csl Gc4]} g5 $5 (11... g6 12. Nc4 Bg7
13. Ra3 {[%csl Gf6]}) 12. Nc4 g4 13. Nfd2 {[%mdl 2048]} Bg7 (13... Bh6) 14. Ra3
O-O 15. Bd3 Rb8 16. O-O {White is ready to start an actions in the kigside
after f2-f4.} Qh4 17. a5 {[%csl Gb6][%mdl 32]} Ne5 18. Nxe5 Bxe5 19. g3 Qg5 20.
Nc4 {[%cal Gc4b6,Gc4e5] Another knight comes to the key square c4.} f5 $6 (
20... Bg7 21. Nb6 $16) 21. Nxe5 dxe5 22. Rb3 Rxb3 23. Qxb3 f4 24. Qb6 $18 {
[%cal Rb6c5,Rb6a6,Gd3a6,Yb6h6] White's position is winning,because I don't see
real countrplay in the King side and black's position on the Queen side is
hopeless.} (24. d6+ $6 Kh8 25. Qd5 Rd8 (25... exd6 26. Qxd6 Rd8 27. Qxc5 Bb7
$16) 26. gxf4) 24... h5 25. Bxa6 Bxa6 26. Qxa6 h4 27. Qe6+ {[%cal Ge6e7,Ge6e5,
Ge6g4]} Kh7 28. gxh4 Qxh4 29. Qxe5 {[%cal Ga5a6,Ga6a7]} g3 30. fxg3 fxg3 31.
hxg3 Rxf1+ 32. Kxf1 Qh1+ 33. Kf2 Qh2+ 34. Kf3 Qh1+ 35. Kg4 Qd1+ 36. Kg5 Qc1+
37. Kf5 Qf1+ 38. Ke6 Qa6+ 39. Kf7 Qg6+ 40. Kxe7 Qa6 41. Qf5+ Kg7 42. Qf7+ 1-0

[Event "Linares Anibal op 07th"]
[Site "Linares"]
[Date "2000.01.10"]
[Round "4"]
[White "Campos Moreno, Javier B"]
[Black "Minasian, Artashes"]
[Result "1-0"]
[WhiteElo "2484"]
[BlackElo "2600"]
[Annotator "Alterman,B"]
[PlyCount "63"]
[EventDate "2000.01.07"]
[EventType "swiss"]
[EventRounds "10"]
[EventCountry "ESP"]
[SourceTitle "CBM 075"]
[Source "ChessBase"]
[SourceDate "2000.04.05"]
[SourceVersion "1"]
[SourceVersionDate "2000.04.05"]
[SourceQuality "1"]

1. d4 c5 2. d5 g6 3. c4 Bg7 4. e4 d6 5. Bd3 e6 6. Nf3 Ne7 7. Nc3 O-O 8. h3 Nd7
9. Bg5 h6 10. Be3 exd5 11. exd5 f5 12. Qc2 a6 13. O-O-O b5 14. cxb5 axb5 15.
Bxb5 f4 16. Bd2 Ne5 $6 $146 (16... Nb6 $5 17. Bd3 (17. Rhe1 $1) 17... c4 18.
Be4 Bd7 19. Rde1 Na4 20. Nh4 Nc5 21. Nxg6 Nxg6 22. Bxg6 Qf6 23. Bh7+ Kh8 24.
Qb1 {0-1 Halkias,S-Minasian,A/Ubeda ESP}) 17. Nxe5 Bxe5 18. g4 $1 {[%csl Rf5]
[%cal Gd2h6][%mdl 32] Important move .Now f5 square in white's hands} Qb6 19.
Rhe1 Kh7 20. Re4 Ba6 21. Bxa6 Qxa6 22. Rde1 Qb7 23. Rxe5 $1 {[%mdl 512] After
this exchange sacrifice, which eliminate an important black square bishop
white's initiative is deserve the game.} dxe5 24. Rxe5 {[%csl Gg6][%cal Gd5d6]}
Ng8 (24... Rf7 25. Qe4 Rb8 26. b3 Qc7 27. Re6 Rb4 28. Qc2 Qd7 29. Ne4 $18) 25.
Qe4 Qb4 26. a3 Qb3 (26... Qxe4 27. Nxe4 $18 {[%csl Gc5][%cal Rd2c3,Gd5d6]}) 27.
Re6 Kh8 28. Nd1 Nf6 29. Qxg6 Rxa3 30. bxa3 Qxa3+ 31. Nb2 Ng8 32. Kc2 {[%cal
Gd2c3,Rc3h8]} 1-0

[Event "EU-chT (Men) 12th"]
[Site "Batumi"]
[Date "1999.12.05"]
[Round "7.2"]
[White "Yrjola, Jouni"]
[Black "Efimov, Igor"]
[Result "0-1"]
[WhiteElo "2412"]
[BlackElo "2445"]
[Annotator "Alterman,B"]
[PlyCount "74"]
[EventDate "1999.11.06"]
[EventType "team-swiss"]
[EventRounds "9"]
[EventCountry "GEO"]
[SourceTitle "CBM 074"]
[Source "ChessBase"]
[SourceDate "2000.02.01"]
[SourceVersion "1"]
[SourceVersionDate "2000.02.01"]
[SourceQuality "1"]
[WhiteTeam "Finland"]
[BlackTeam "Italy"]
[WhiteTeamCountry "FIN"]
[BlackTeamCountry "ITA"]

1. d4 e6 2. c4 c5 3. d5 exd5 4. cxd5 d6 5. Nc3 g6 6. e4 Bg7 7. Bd3 (7. f4 Nh6
8. Nf3 O-O 9. Be2 (9. Bd3 $5) 9... Bg4 10. Ng5 Bxe2 11. Qxe2 Nd7 12. O-O a6 13.
Be3 b5 14. h3 b4 $132 {1-0 Gofshtein,L-Szalanczy,E/Vienna op 1996 (32)}) (7. h3
Ne7 (7... a6 8. a4 Nd7 (8... Ne7 9. Nf3 O-O 10. Be2 h6 11. Nd2 Nd7 12. Nc4 Nb6
13. Ne3 Nd7 14. Nc4 Nb6 15. Na3 (15. Ne3 Nd7 16. O-O g5 17. Bg4 Ne5 18. Qc2 {
1/2-1/2 Sherbakov,R-Kotsur,P/Perm 1997/CBM 58 (18)}) 15... f5 16. a5 Nd7 17.
Nc4 Nf6 18. exf5 Nxf5 19. Nb6 Rb8 20. O-O $14) 9. Nf3 Ne5 10. Nd2 (10. Bf4
Nxf3+ 11. Qxf3 Nf6 12. Bd3 O-O 13. Bg5 h6 14. Bh4 Qe7 15. O-O g5 16. Bg3 Nd7
$132 {0-1 Papp,G-Szalanczy,E/Budapest HUN 1999 (43)}) 10... f5 11. Be2 Nf6 12.
f4 Nf7 13. exf5 Bxf5 14. O-O O-O 15. g4 Bd7 16. Nc4 b5 17. axb5 axb5 18. Rxa8
Qxa8 19. Nb6 Qa7 20. Nxd7 c4+ 21. Kg2 Qxd7 22. g5 $16 {[%cal Ge2g4]}) 8. Nf3
O-O 9. Bd3 a6 10. a4 f5 11. O-O h6 12. Re1 Nd7 13. Bf4 Qb6 14. e5 g5 15. a5 $1
(15. exd6 $2 Ng6 16. Bc1 $14 {0-1 Polak,T-Efimov,I/18th Mitropa Cup, Portoroz
SLO 1998 (36)}) 15... Qxb2 (15... Qd8 16. exd6 Ng6 17. Bh2 $16 (17. Bg3 f4 18.
Bxg6 fxg3 19. fxg3 $16)) 16. Na4 Qxa1 17. Qxa1 gxf4 18. Qa2 $16) (7. Nf3 a6 8.
Bf4 (8. a4 Bg4 9. Be2 Nd7 10. Bf4 Bxf3 11. Bxf3 Ne5 12. Be2 $14) 8... Bg4 9.
Be2 Bxf3 (9... Nf6 $5) 10. Bxf3 Nd7 11. Bxd6 (11. O-O Ne5 12. Be2 Ne7) 11...
Qb6 12. e5 Nxe5 (12... Bxe5 13. Bxe5 Nxe5 14. Qe2 Kf8 15. O-O-O Re8 16. Rhe1
Nf6 17. Qd2 c4 18. Kb1 Kg7 19. Be4 $14) 13. Qa4+ Nd7 14. Ne4 f5 15. Bxc5 (15.
O-O fxe4 16. Qxe4+ Kd8 17. Qe6 Bd4 $13) 15... Qxb2 16. O-O fxe4 17. Rab1 (17.
Qxe4+ Kd8 $44) 17... b5 18. Qxe4+ Qe5 19. Qb4 $13 {1-0 Gelfand,B-Lobron,E/
Amsterdam 1988 (29)}) 7... Ne7 (7... a6 8. a4 Nh6 (8... Nd7 9. Nf3 Ne7 10. O-O
Nf6 11. h3 b6 12. Bf4 h6 13. Re1 O-O 14. Nd2 $14 {0-1 Mititelu,G-Stefanov,P/
ROM 1993 (39)}) 9. Nf3 (9. Bf4 O-O 10. Qd2 Ng4 11. Nf3 Qe7 12. O-O Nd7 13. Rfe1
Nde5 14. Nxe5 Nxe5 15. Bf1 Bd7 16. a5 $14 {0-1 Varga,P-Szalanczi,E/HUN tt
Miskolc-Honvéd 1996 (38)}) 9... O-O 10. O-O Bg4 11. h3 Bxf3 12. Qxf3 Nd7 13.
Qg3 $5 $14 (13. Qe2 Qh4 14. Qe3 Rae8 15. Qg5 Qxg5 16. Bxg5 f5 $11 {1/2-1/2
Malaniuk,V-Szalanczy,E/Open, Linz AUT 1997 (39)}) (13. Qd1 $14)) 8. Nf3 (8.
Nge2 $6 Nd7 (8... a6 9. a4 O-O 10. O-O Nd7 (10... f5 11. Nf4 Be5 12. Ne6 Bxe6
13. dxe6 f4 14. Nd5 Nbc6 $132 {0-1 Campos-Rivera/Pontevedra 1992 (28)}) 11. Bg5
Ne5 12. b3 (12. Bc2 f6 13. Bc1 f5 $132) 12... Qc7 13. Rc1 f5 $132 {1/2-1/2
Hiemstra,S-Pot,E/Hengelo NED 1999 (40)}) 9. O-O O-O 10. Ng3 (10. b3 $6 f5 11.
Bb2 f4 12. Nc1 Ne5 13. Be2 g5 14. Nd3 N7g6 $15 {0-1 Schmidl,H-Bondick,K/cr
DDR-5Cup sf/7 1978 (42)}) (10. Rb1 a6 11. a4 Rb8 12. Bf4 Ne5 13. Bc2 Qa5 14. b4
cxb4 15. Na2 f5 16. Bd2 fxe4 17. Bxb4 Qc7 18. Bxe4 Bf5 $11 {1/2-1/2 Neidhardt,
C-Murrey,J/FRA tt ,EXT 1992 (36)}) (10. f4 f5 11. Ng3 Nf6 12. exf5 Nxf5 13.
Nxf5 Bxf5 14. h3 Re8 15. g4 Bxd3 16. Qxd3 Qb6 17. Kg2 Re7 18. f5 $132 (18. b3
Qb4 $17 {0-1 Bertok-Petrosian,T (40)})) 10... a6 11. a4 Rb8 12. f4 b5 13. axb5
axb5 14. Nxb5 c4 15. Bxc4 Rxb5 16. Bxb5 Qb6+ 17. Kh1 Qxb5 18. Qa4 $14 {1/2-1/2
Arlandi,E-Conquest,S/Catania 1995 (42)}) (8. f4 O-O 9. g4 $6 f5 10. exf5 Re8
11. Nge2 gxf5 12. g5 b6 13. O-O Na6 14. Be3 Nc7 15. a4 a6 16. Rf3 Rb8 17. Rh3
Ng6 18. Qc2 Qd7 19. Kf2 $132 {1-0 Meyer,H-Wyss/cr WER/C1 1968 (38)}) 8... O-O
9. O-O a6 10. a4 Bg4 11. h3 Bxf3 12. Qxf3 Nd7 13. Qe2 $6 $11 (13. Qd1 $1 Ne5
14. Bc2 f5 15. f4 Nd7 16. Re1 Qa5 17. Ra3 Rae8 18. exf5 Nxf5 19. Bxf5 gxf5 20.
Kh2 $14) (13. Qg3 Ne5 14. Bc2 f5 15. Bg5 (15. f4 Nd7 16. Re1 fxe4 17. Nxe4 Nf5
$15) 15... fxe4 16. Qh4 Re8 17. Rae1 Qd7 18. Bxe7 (18. Bxe4 Nf5 19. Bxf5 Qxf5
20. Re3 Nf7 21. Be7 $132 (21. Rfe1 Rxe3 22. Bxe3 Re8 $15)) 18... Qxe7 19. Qxe7
Rxe7 20. Rxe4 Rae8 $11) 13... Qc7 (13... Ne5 14. Bc2 f5 15. f4 Nf7 16. a5 Re8
17. Be3 (17. Qf3 fxe4 18. Bxe4 Nf5 19. Bxf5 gxf5 20. Bd2 $132) 17... fxe4 18.
Bxe4 Nf5 19. Bf2 Nd4 20. Qd3 Qf6 (20... b5 21. axb6 Qxb6 22. Rab1 Re7 $132) (
20... Nb3 21. Ra2 Nxa5 22. f5 Ne5 23. Qc2 $44) 21. Ra4 $132) 14. f4 Rae8 15.
Qf3 f5 16. g4 $6 $15 {A little bit riskyly} (16. Re1 c4 17. Bc2 Nc5 18. e5 dxe5
19. fxe5 Bxe5 20. Bh6 $44) 16... c4 17. Bc2 fxe4 18. Bxe4 Nc5 19. Bc2 b5 $6 (
19... Nb3 $1 20. Bxb3 Qb6+ 21. Kh1 Qxb3 $15) 20. axb5 axb5 21. Be3 (21. Nxb5 $2
Qb6 22. Na3 (22. Nc3 Nb3+ 23. Be3 Bd4 24. Rae1 Nf5 $1 $19) 22... Nb3+ 23. Be3
Bd4 24. Nxc4 (24. Rae1 Nd2 $1 25. Qf2 Bxe3 $19 {[%csl Rf1]}) 24... Bxe3+ 25.
Qxe3 Qxe3+ 26. Nxe3 Nxa1 27. Rxa1 Rxf4 $17) (21. Rd1 $5 b4 22. Ne4 b3 23. Bb1
Nxe4 24. Bxe4 Ra8 25. Rxa8 Rxa8 26. f5 Rf8 27. Rf1 $132) 21... b4 22. Nb5 Qd7
$5 (22... Qb8 $144 23. Nd4 b3 24. Bd1 (24. Bb1 Kh8 $17) 24... Nd3 25. Ne6 Bxb2
26. Rb1 Qb5 27. Nc7 Qb7 28. Nxe8 Rxe8 29. Be2 Nxd5 30. Bd2 Bd4+ 31. Kh2 Qb5 32.
Bxd3 cxd3 33. Rfe1 $132) 23. Nd4 b3 (23... Rxf4 24. Bxf4 (24. Qxf4 Nxd5 $19)
24... Bxd4+ 25. Kh1 b3 26. Bxd6 $1 bxc2 27. Qf7+ Kh8 28. Bxc5 Bxc5 29. Qf6+ Kg8
30. Qf7+ $11) 24. Bd1 Nd3 (24... Rxf4 25. Bxf4 Bxd4+ 26. Be3 Bxe3+ (26... Bxb2
27. Qf7+ Kh8 28. Ra7 Qxa7 29. Qxe8+ Ng8 30. Rf8 Qg7 31. Be2 Bc3 32. Bxc4 b2 33.
Ba2 $16) 27. Qxe3 Nxd5 28. Qd4 Ne3 29. Rf6 Ne4 $132) 25. Ne6 Nxd5 $5 (25...
Bxb2 26. Ra7 Qb5 27. Nc7 (27. Nxf8 Nxd5 28. Bf2 Rxf8 $19) 27... Qb8 28. Nxe8
Rxe8 29. f5 Ne5 30. Qe4 $132) 26. Nxf8 $8 Qb5 $1 27. Ne6 $2 $17 (27. Bd2 $1 {
[%csl Rd5][%cal Ga1a5]} Rxf8 28. Kh1 N5xf4 (28... Bxb2 $2 29. Ra5 $18) (28...
Ne7 29. Ra7 Nc6 30. Rxg7+ Kxg7 31. Be2 (31. Bc3+ Kg8 32. Qe4 Nce5 33. Be2 g5
34. Bxd3 cxd3 35. f5 $44) 31... d5 32. Bxd3 cxd3 33. f5 $44) 29. Ra8 g5 30.
Rxf8+ Bxf8 31. Be2 Ne5 32. Qa8 Neg6 33. Bxf4 Nxf4 34. h4 $132) {The position
is very complex and to accept the correct solution not easily.} 27... Rxe6 $2
$132 ({Correctly was} 27... Bxb2 $1 28. Nd4 (28. Bc5 Rxe6 $1 (28... Nb6 29. Ra7
Nxc5 (29... Rxe6 30. Qb7 Qd7 31. Bxb6 Qxb7 32. Rxb7 d5 $16) 30. Nc7 Bd4+ 31.
Kg2 Qd7 32. Nxe8 (32. f5 Re3 33. Qf4 Re4 34. Qf3 g5 $17) 32... Qxa7 33. Nxd6
Qd7 (33... c3 34. Nb5 Qa2+ 35. Kh1 b2 36. Bc2 Qc4 37. Nxd4 Qxd4 38. f5 $16) 34.
Nxc4 Nxc4 35. Bxb3 Nxb3 36. Qxb3 $44) 29. Qxd5 Qxc5+ 30. Qxc5 Nxc5 $19) 28...
Qc5 (28... Rxe3 29. Nxb5 Rxf3 30. Ra8+ Kg7 31. Rxf3 $18) 29. Ra8 $1 Rxa8 (29...
Bxd4 30. Rxe8+ Kf7 31. Qe4 Bxe3+ 32. Kh1 Ne5 33. Rc8 $1 $18) 30. Nf5 $8 Qa5 31.
Qxd5+ $8 Qxd5 32. Ne7+ Kh8 $1 (32... Kf8 33. Nxd5 Re8 34. f5 {[%cal Gf1f8]})
33. Nxd5 Ra5 34. Bf3 Bg7 35. f5 b2 36. Bd2 Ra1 37. Nc3 Nc1 38. Kg2 Nb3 $19) 28.
Ra8+ Bf8 29. Bd4 N5xf4 $4 $18 (29... N3xf4 30. Be2 $44) 30. Rc8 $4 (30. Qxd3 $3
{To miss move like this is very easy.} cxd3 31. Rxf4 $18) 30... d5 $17 31. g5
$2 $19 (31. Be2 $1 Rxe2 (31... Re4 32. Qxe4 $3 dxe4 33. Bxd3 cxd3 34. Rxf4 Qb4
35. Rfxf8+ $18) 32. Rxf8+ Kxf8 33. Qxe2 Qe8 $1 34. Qf3 Kg8 35. Be3 g5 36. Bxf4
Nxf4 37. h4 h6 38. hxg5 hxg5 39. Ra1 Qe6 $17) 31... Qb7 $5 (31... Re4 $1 $19)
32. Rd8 (32. Rxc4 Re4 33. Rc3 (33. Ra4 Qb5 34. Ra8 Rxd4 $19) 33... Rxd4 34.
Rxd3 Rxd3 35. Qxf4 Bc5+ 36. Kg2 Qe7 $19) 32... Re4 $1 33. Bf6 (33. Rxf8+ Kxf8
34. Bc3 Qe7 $19) 33... Qb6+ 34. Kh1 Re3 35. Qxf4 Nxf4 36. Rxf4 Re1+ 37. Kg2
Qg1+ 0-1

[Event "Ubeda op 5th"]
[Site "Ubeda"]
[Date "2000.01.22"]
[Round "4"]
[White "Halkias, Stelios"]
[Black "Minasian, Artashes"]
[Result "0-1"]
[WhiteElo "2482"]
[BlackElo "2598"]
[Annotator "Alterman,B"]
[PlyCount "86"]
[EventDate "2000.01.19"]
[EventType "swiss"]
[EventRounds "10"]
[EventCountry "ESP"]
[SourceTitle "CBM 075"]
[Source "ChessBase"]
[SourceDate "2000.04.05"]
[SourceVersion "1"]
[SourceVersionDate "2000.04.05"]
[SourceQuality "1"]

1. d4 c5 2. d5 g6 3. c4 Bg7 4. e4 d6 5. Bd3 e6 6. Nf3 Ne7 7. Nc3 O-O 8. h3 Nd7
9. Bg5 h6 10. Be3 exd5 11. exd5 f5 12. Qc2 a6 13. O-O-O b5 14. cxb5 axb5 15.
Bxb5 f4 16. Bd2 Nb6 $146 (16... Ne5 17. Nxe5 Bxe5 18. g4 Qb6 19. Rhe1 Kh7 20.
Re4 Ba6 21. Bxa6 Qxa6 22. Rde1 Qb7 23. Rxe5 dxe5 24. Rxe5 Ng8 25. Qe4 Qb4 26.
a3 Qb3 27. Re6 Kh8 28. Nd1 Nf6 29. Qxg6 Rxa3 30. bxa3 Qxa3+ 31. Nb2 Ng8 32. Kc2
{1-0 Campos Moreno,J-Minasian,A/Linares ESP 2000/The Week in Chess 271 (32)})
17. Bd3 $2 {[%mdl 10240]} (17. Rhe1 $1 Ra7 18. Nh4 $1 (18. Bd3 c4) 18... c4 (
18... g5 19. Rxe7 Qxe7 20. Ng6 Qf7 21. Nxf8 Qxf8 22. Re1 $16) 19. Nxg6 Bf5 20.
Nxe7+ Qxe7 21. Rxe7 Rxe7 22. a4 Bxc2 23. Kxc2 Ra7 24. Bc6 $16) 17... c4 18. Be4
(18. Bxg6 Nxg6 19. Qxg6 Bf5 20. Qh5 Qf6 $1 $44) 18... Bd7 19. Rde1 Na4 20. Nh4
Nc5 $2 (20... Nxc3 21. Bxc3 Rxa2 22. Bxg7 Kxg7 $13) 21. Nxg6 Nxg6 22. Bxg6 Qf6
23. Bh7+ Kh8 24. Qb1 $2 {Clear mistake.Much better was to take control over f5
square,after} (24. g4 $1) 24... Rfb8 25. Bc2 Ba4 26. Be4 (26. Nxa4 Nxa4 27. Re6
Qg5 28. Bxa4 Rxa4 $44) 26... Ra7 $36 {[%cal Ga7b7,Rb7b2]} 27. Re2 Rab7 28. Be1
{[%cal Ge2b2]} Qd4 29. f3 Nd3+ 30. Bxd3 cxd3 31. Re4 Bc2 32. Rxd4 Bxb1 33. Rc4
Rxb2 34. Rc8+ $6 {Last hope was} (34. Nxb1 Rxb1+ 35. Kd2 R8b2+ 36. Kxd3 Rxg2
$17) 34... Rxc8 35. Kxb2 Rb8+ $1 36. Kc1 Bc2 37. Bd2 Kg8 38. Re1 Bd4 $22 39. h4
h5 40. a4 Rb3 41. Re8+ Kf7 42. Re4 Bxc3 43. Rxf4+ Bf6 0-1